Ciencias sociales 7 : para pensar /

Guardado en:
Autor Principal: Vázquez de Fernández, Silvia
Otros Autores: Iujnevich, Ceclilia Alba, Saieb, Patricia Laura, Valverde, Santiago
Formato: Libro
Publicado: Buenos Aires : Kapleusz, 2008.
Series:Programa Kapelusz para pensar
Materias:
Etiquetas: Agregar Etiqueta
Sin Etiquetas, Sea el primero en etiquetar este registro!
LEADER 01964nam a22003615a 4500
001 CEM.cems012923
008 130507s2008##################000#0#####d
005 20241220110808.0
245 1 0 |a Ciencias sociales 7 :  |b para pensar /  |c Silvia Vázquez de Fernández [et Al.] 
260 |a Buenos Aires :  |b Kapleusz,  |c 2008. 
300 |a 304 p. 
490 0 |a Programa Kapelusz para pensar 
500 |a Para 7º año Sociedades en la Prehistoria, en la Antigüedad y en el Medioevo. Territorios del mundo actual. 
505 0 |a Le geografía: una ciencia social del espacio -- Nuestro planeta, un sistema por conocer -- El manejo de los recursos naturales y los problemas ambientales -- La población en el mundo -- Los procesos económicos del mundo actual -- Las primeras sociedades humanas -- Las primeras sociedades urbanas -- Sociedades de la Antigúedad clásica: las polis griegas -- Roma, un Estado colosal y perdurable -- Las sociedades del Medioevo -- La vida en sociedad y las normas. 
020 |a 9789501301953 
100 1 |a Vázquez de Fernández, Silvia 
700 1 |a Iujnevich, Ceclilia Alba 
700 1 |a Saieb, Patricia Laura 
700 1 |a Valverde, Santiago 
082 0 4 |a Z302 
653 |a Ciencias sociales 
653 |a Ciencias sociales-7 
653 |a Historia antigua 
653 |a Historia medieval 
653 |a Prehistoria 
653 |a Geografía 
859 |a CEMS  |b BIB. CEMS - 11 de abril  |h Z302  |i V443-1  |p 25148.08  |t Ej.1  |v 7º  |3 7º 
859 |a CEMS  |b BIB. CEMS - 11 de abril  |h Z302  |i V443-1  |p 25661.09  |t Ej.2  |v 7º  |3 7º 
859 |a CEMS  |b BIB. CEMS - 11 de abril  |h Z302  |i V443-1  |p 25609.09  |t Ej.3  |v 7º  |3 7º 
859 |a CEMS  |b BIB. CEMS - 11 de abril  |h Z302  |i V443-1  |p 25994.10  |t Ej.4  |v 7º  |3 7º 
859 |a CEMS  |b BIB. CEMS - 11 de abril  |h Z302  |i V443-1  |p 25995.10  |t Ej.5  |v 7º  |3 7º 
859 |a CEMS  |b BIB. CEMS - 11 de abril  |h Z302  |i V443-1  |p 25996.10  |t Ej.6  |v 7º  |3 7º 
859 |a CEMS  |b BIB. CEMS - 11 de abril  |h Z302  |i V443-1  |p 25997.10  |t Ej.7  |v 7º  |3 7º